| 000 | 01324nam a2200313Ia 4500 | ||
|---|---|---|---|
| 001 | ebr10231490 | ||
| 003 | CaPaEBR | ||
| 006 | m u | ||
| 007 | cr cn||||||||| | ||
| 008 | 080730s2008 enka sb 001 0 eng d | ||
| 020 | _z9781841501956 (pbk.) | ||
| 020 | _z1841501956 (pbk.) | ||
| 040 |
_aCaPaEBR _cCaPaEBR |
||
| 035 | _a(OCoLC)560664395 | ||
| 050 | 1 | 4 |
_aNC845 _b.S37 2008eb |
| 100 | 1 | _aSassoon, Rosemary. | |
| 245 | 1 | 4 |
_aThe designer _h[electronic resource] : _bhalf a century of change in image, training, and techniques / _cRosemary Sassoon. |
| 260 |
_aBristol : _bIntellect Books, _c2008. |
||
| 300 |
_a144 p. : _bill. |
||
| 504 | _aIncludes bibliographical references and index. | ||
| 533 |
_aElectronic reproduction. _bPalo Alto, Calif. : _cebrary, _d2009. _nAvailable via World Wide Web. _nAccess may be limited to ebrary affiliated libraries. |
||
| 650 | 0 |
_aGraphic arts _xStudy and teaching _zGreat Britain. |
|
| 650 | 0 |
_aDesign _xStudy and teaching _zGreat Britain. |
|
| 650 | 0 |
_aGraphic arts _zGreat Britain _xHistory _y20th century. |
|
| 650 | 0 |
_aDesign _zGreat Britain _xHistory _y20th century. |
|
| 655 | 7 |
_aElectronic books. _2local |
|
| 710 | 2 | _aebrary, Inc. | |
| 856 | 4 | 0 |
_uhttp://site.ebrary.com/lib/rucke/Doc?id=10231490 _zAn electronic book accessible through the World Wide Web; click to view |
| 999 |
_c39751 _d39751 |
||